Catálogo
 En Linea

Historia de Santo Domingo : (Registro nro. 31764)

Detalles MARC
000 -CABECERA
campo de control de longitud fija 00675nam a2200181 a 4500
001 - NÚMERO DE CONTROL
campo de control 000032273
005 - FECHA Y HORA DE LA ÚLTIMA TRANSACCIÓN
campo de control 20240228141912.0
008 - DATOS DE LONGITUD FIJA--INFORMACIÓN GENERAL
campo de control de longitud fija 110714s1951 dr 000 0 spa d
040 ## - FUENTE DE LA CATALOGACIÓN
Centro catalogador/agencia de origen DO-SdBNP
Lengua de catalogación spa
Centro/agencia transcriptor BNPHU
082 ## - NÚMERO DE LA CLASIFICACIÓN DECIMAL DEWEY
Número de clasificación xxx
Número de documento/Ítem M772
049 ## - FONDOS LOCALES (OCLC)
Fondos de biblioteca BNPD
100 1# - ENTRADA PRINCIPAL--NOMBRE DE PERSONA
Nombre de persona Monte y Tejada, Antonio del,
Fechas asociadas al nombre 1783-1861
9 (RLIN) 58292
245 10 - MENCIÓN DE TÍTULO
Título Historia de Santo Domingo :
Resto del título selección /
Mención de responsabilidad, etc. Antonio Del Monte y Tejada.
260 ## - PUBLICACIÓN, DISTRIBUCIÓN, ETC.
Lugar de publicación, distribución, etc. Ciudad Trujillo, República Dominicana :
Nombre del editor, distribuidor, etc. Secretaría de Estado de Educación y Bellas Artes,
Fecha de publicación, distribución, etc. 1951.
300 ## - DESCRIPCIÓN FÍSICA
Extensión 64 p. ;
Dimensiones 20 cm.
490 1# - MENCIÓN DE SERIE
Mención de serie Biblioteca Popular de Cultura Dominicana
Designación de volumen o secuencia v. 2
830 #0 - PUNTO DE ACCESO ADICIONAL DE SERIE-TÍTULO UNIFORME
Título uniforme Biblioteca Popular de Cultura Dominicana
Designación de volumen o secuencia v. 2
9 (RLIN) 58317
Existencias
Estado de retiro Estado de pérdida No para préstamo Código de colección Localización permanente Ubicación/localización actual Ubicación en estantería Fecha de adquisición Número de inventario Total de préstamos Signatura topográfica completa Código de barras Fecha visto por última vez Número de copia Precio válido a partir de Tipo de ítem Koha Restricciones de uso
    Excluido de préstamo Patrimonio Dominicano Patrimonio Dominicano Patrimonio Dominicano Depósito 17.07.2013 LF1   xxx M772 32273-20 25.06.2020 e. 2 25.06.2020 Libro y Folleto Colección Patrimonio Dominicano  
    Excluido de préstamo Raros y valiosos Patrimonio Dominicano Patrimonio Dominicano Depósito 14.07.2011 LF1   xxx M772 32273-10 25.06.2020   25.06.2020 No se presta  

Con tecnología Koha